Statistiques concernant Top 15 des pays avec les décès de Covid-19 - 21 juillet 2021

Cliquez ici pour prendre le quiz!

Statistiques générales

  • Ce quiz a été pris 21 fois
  • Le résultat moyen est 14 sur 25

Statistiques - réponses

pays% Correct
Etats-Unis
100%
Espagne
95%
France
95%
Russie
95%
Inde
89%
Royaume-Uni
89%
Brésil
84%
Italie
84%
Allemagne
74%
Argentine
74%
Colombie
68%
Mexique
63%
Belgique
53%
Pérou
53%
Iran
42%
Hongrie
37%
Tchèquie
37%
Bulgarie
32%
Indonésie
32%
Slovaquie
32%
Slovénie
32%
Croatie
21%
Bosnie-Herzégovine
16%
Paraguay
16%
Macédoine du Nord
11%

Distribution des résultats

Percentile par nombre de réponses

% des personnes avec chaque résultat

Votre développement - résultats

Vous n’avez pas pris ce quiz